| 000 | 01071cam a22002654a 4500 | ||
|---|---|---|---|
| 001 | vtls003053299 | ||
| 003 | MY-SjTCS | ||
| 005 | 20200306170447.0 | ||
| 008 | 110218s2005 tnua b 000 0 eng | ||
| 020 | _a0785208887 (pbk.) | ||
| 039 | 9 |
_a201404191502 _bpushpa _c201102181503 _dVLOAD _c200706292100 _dmas _c200706080851 _dchon ling _y200706080850 _zchon ling |
|
| 082 | 0 | 0 |
_a658.4022 _bJON |
| 100 | 1 |
_aJones, Laurie Beth. _924898 |
|
| 245 | 1 | 4 |
_aThe four elements of success : _ba simple personality profile that will transform your team / _cLaurie Beth Jones. |
| 246 | 3 | 0 | _aPersonality profile that will transform your team |
| 260 |
_aNashville, Tenn. : _bNelson Business, _cc2005. |
||
| 300 |
_axxiii, 253 p. : _bill. ; _c22 cm. |
||
| 504 | _aIncludes bibliographical references (p. 203-206). | ||
| 650 | 0 |
_aTeams in the workplace _xManagement. _923976 |
|
| 650 | 0 |
_aPersonality and motivation. _96280 |
|
| 650 | 0 |
_aPersonality assessment. _924650 |
|
| 650 | 0 |
_aEmployee selection. _93740 |
|
| 650 | 0 |
_aOrganizational effectiveness. _9285718 |
|
| 920 | _aGENLS : 182321 | ||
| 999 | _c62652 | ||